Boiler fuel additives for pollution reduction and energy saving (Record no. 31412)

MARC details
000 -LEADER
fixed length control field 00339nam a2200121Ia 4500
082 ## - DEWEY DECIMAL CLASSIFICATION NUMBER
Classification number 621.18
Item number ELI
245 #0 - TITLE STATEMENT
Title Boiler fuel additives for pollution reduction and energy saving
260 ## - PUBLICATION, DISTRIBUTION, ETC. (IMPRINT)
Place of publication New Jersey
Name of publisher Noyes Data
Year of publication 1978
650 ## - SUBJECT ADDED ENTRY--TOPICAL TERM
Topical Term Boiler fueld additives
700 ## - ADDED ENTRY--PERSONAL NAME
Personal name R C
942 ## - ADDED ENTRY ELEMENTS (KOHA)
Koha item type Books
Holdings
Withdrawn status Lost status Damaged status Not for loan Home library Current library Date acquired Cost, normal purchase price Full call number Accession Number Koha item type
        RRII Library RRII Library 16/12/2021 36.00 621.18 ELI 11957 Books